000
00281nam a2200121Ia 4500
005
20251222143108.0
008
251222s9999||||xx |||||||||||||| ||spa||
020
_a
9972-879-03-08
082
_a
362.29/A82
245
0
_a
El Mundo de la Droga:
264
_b
Hemisferio
942
_c
LIB
999
_c
11073
_d
11073